- Poder sobre la vida y la muerte
Entrada Tema o Materia
Número de registros utilizados en: 2
001 - NUMERO DE CONTROL
- Campo de control: 1102
003 - IDENTIFICADOR DEL NUMERO DE CONTROL
- Campo de control: CO-MdFUSB
005 - HORA Y FECHA DE LA ULTIMA TRANSACCIÓN
- Campo de control: 20171118132957.0
008 - CAMPO DE LONGITUD FIJA
- Campo fijo de descripción fija: 060505n| acannaabn |a aaa
040 ## -
- : CO-MdFUSB
- : CO-MdFUSB
053 #0 - NUMERO DE CLASIFICACIÓN (LC)
- Número clasificador : BJ1469
150 ## - ENCABEZAMIENTO DE MATERIA-TEMA
- Téma o Materia: Poder sobre la vida y la muerte
450 ## - REFERENCIA DE ENVIO “VEASE” - MATERIA
- Encabezamiento temático : Muerte, Poder sobre la
450 ## - REFERENCIA DE ENVIO “VEASE” - MATERIA
- Encabezamiento temático : Vida y la muerte, Poder sobre
550 ## - REFERENCIA DE ENVIO "VEASE ADEMAS" - MATERIA
- Encabezamiento temático o nombre geográfico como elemento de entrada: Ética
- Subcampo de control: g
550 ## - REFERENCIA DE ENVIO "VEASE ADEMAS" - MATERIA
- Encabezamiento temático o nombre geográfico como elemento de entrada: Libertad
- Subcampo de control: g
550 ## - REFERENCIA DE ENVIO "VEASE ADEMAS" - MATERIA
- Encabezamiento temático o nombre geográfico como elemento de entrada: Libre albedrío y determinismo
- Subcampo de control: g
550 ## - REFERENCIA DE ENVIO "VEASE ADEMAS" - MATERIA
- Encabezamiento temático o nombre geográfico como elemento de entrada: Penas
- Subcampo de control: g
550 ## - REFERENCIA DE ENVIO "VEASE ADEMAS" - MATERIA
- Encabezamiento temático o nombre geográfico como elemento de entrada: Derecho a morir
- Subcampo de control: h
670 ## - FUENTE EN LA QUE SE LOCALIZARON DATOS
- Cita de la fuente : ARMARC
670 ## - FUENTE EN LA QUE SE LOCALIZARON DATOS
- Cita de la fuente : LCSH
750 #0 - ASIENTO LIGADO AL ENCABEZAMIENTO - TEMATICO
- Número de control del registro: sh 85076811
- Encabezamiento temático : Life and death, Power over
